|
|
|
|
| LEADER |
01079nam a22002537a 4500 |
| 001 |
33708 |
| 003 |
BD-DhAAL |
| 005 |
20180916164745.0 |
| 008 |
180913t2018 bg a b f01 0 eeng d |
| 999 |
|
|
|c 39993
|d 39993
|
| 040 |
|
|
|a BD-DhAAL
|
| 082 |
0 |
0 |
|a 354.549200722
|2 22
|
| 100 |
1 |
|
|a Muhith, Abul Mal Abdul.
|9 7392
|
| 245 |
0 |
0 |
|a Bangladesh on a pathway to prosperity :
|b budget speech 2018-19 /
|c Abul Mal Abdul Muhith
|
| 260 |
|
|
|a Dhaka :
|b Ministry of Finance, Government of the People's Republic of Bangladesh,
|c 2018
|
| 300 |
|
|
|a iv, 166 pages :
|b illustrations ;
|c 25 cm.
|
| 504 |
|
|
|a Includes bibliographical references
|
| 526 |
|
|
|a AAL
|
| 541 |
|
|
|a Development Book Agency
|e 33708
|
| 650 |
|
0 |
|a Budget
|z Bangladesh
|9 7393
|
| 710 |
2 |
|
|a Government of the People's Republic of Bangladesh,
|b Ministry of Finance
|9 7394
|
| 852 |
1 |
|
|a Ayesha Abed Library
|j General Stacks
|
| 942 |
|
|
|2 ddc
|c BK
|
| 952 |
|
|
|0 0
|1 0
|2 ddc
|4 0
|6 354_549200722000000_MUH
|7 0
|9 64277
|a BRACUL
|b BRACUL
|c GEN
|d 2018-08-28
|e Development Book Agency
|g 150.00
|l 0
|o 354.549200722 MUH
|p 3010033708
|r 2018-08-28
|t 1
|v 150.00
|w 2018-08-28
|y BK
|